000 00763 a2200217 4500
001 0000
003 oooo
005 20251014134126.0
020 _a9781032705132
040 _erda
050 _aTJ 163.5 .B84 .S87
100 _aAsdrubali, Francesco (editor)
245 _aSustainability Certifications, Labels and Tools in the Built Environment
_bHow to evaluate, certificate and reduce the energy and environmental impacts of buildings
_cedited by Francesco Asdrubali and Umberto Berardi
264 _aLondon
_bRoutledge
_c2026
300 _axxi, 271p.ill
336 _2rdacontent
338 _2rdacarrier
504 _aIncludes bibliographical references and index
650 _2Renewable energy sources
_aBuildings
_xEnergy conservation
942 _2lcc
_cBK
999 _c43752
_d43752